[Event "CFriend RH-2004-0-00020 email"]
[Site "Chessfriend.com"]
[Date "2004.12.15"]
[Round "1"]
[White "Petrov, Milen"]
[Black "Souza, Marco Andre"]
[Result "1-0"]
[WhiteElo "2321"]
[BlackElo "2019"]
[PlyCount "125"]
[EventDate "2004.??.??"]
[EventType "tourn (corr)"]
[EventRounds "6"]
[SourceTitle "Corr 2024"]
[Source "ChessBase"]
[SourceDate "2023.10.19"]
[SourceVersion "1"]
[SourceVersionDate "2023.10.19"]
[SourceQuality "1"]

1. e4 e5 2. Nf3 Nc6 3. Nc3 Nf6 4. d4 exd4 5. Nxd4 Bb4 6. Nxc6 bxc6 7. Bd3 d5 8. exd5 cxd5 9. 0-0 0-0 10. Bg5 c6 11. Qf3 Be7 12. h3 h6 13. Bh4 Rb8 14. b3 Rb4 15. Bg3 Bd6 16. Rfe1 Bxg3 17. Qxg3 Nh5 18. Qe3 Nf4 19. Ne2 Nxd3 20. cxd3 Qb6 21. Rac1 Bd7 22. Qe7 Rd8 23. d4 Qb8 24. Rc2 a5 25. Qc5 a4 26. Nc1 Qb5 27. Qc3 Rc8 28. Qd2 Qb6 29. Rc5 axb3 30. Nxb3 Ra4 31. Re5 Rca8 32. Rc2 Be6 33. f4 g6 34. g4 Kh7 35. f5 gxf5 36. gxf5 Rg8+ 37. Kh1 Bc8 38. Re7 Rg5 39. Rxf7+ Kg8 40. h4 Bxf5 41. Rxf5 Rxf5 42. Qd3 Rf6 43. Rg2+ Kf8 44. Qg3 Rxd4 45. Qg7+ Ke8 46. Qxf6 Rd1+ 47. Kh2 Qc7+ 48. Rg3 Rh1+ 49. Kxh1 Qxg3 50. Qxc6+ Ke7 51. Qxh6 Qf3+ 52. Kg1 Qg3+ 53. Kf1 Qf3+ 54. Ke1 Qh1+ 55. Kd2 Qg2+ 56. Kc3 Qxa2 57. Qg7+ Kd6 58. Qf6+ Kd7 59. h5 Qg2 60. Nc5+ Ke8 61. Qe6+ Kf8 62. Nd7+ Kg7 63. h6+ 1-0

[Event "CFriend AT-2004-0-00229 email"]
[Site "Chessfriend.com"]
[Date "2004.11.24"]
[Round "1"]
[White "Souza, Marco Andre"]
[Black "Shchebenyuk, Nina"]
[Result "0-1"]
[WhiteElo "2019"]
[BlackElo "2050"]
[PlyCount "82"]
[EventDate "2004.??.??"]
[EventType "tourn (corr)"]
[EventRounds "2"]
[SourceTitle "Corr 2024"]
[Source "ChessBase"]
[SourceDate "2023.10.19"]
[SourceVersion "1"]
[SourceVersionDate "2023.10.19"]
[SourceQuality "1"]

1. e4 c5 2. Nf3 Nc6 3. Bb5 g6 4. Bxc6 bxc6 5. 0-0 Bg7 6. Re1 Nh6 7. c3 0-0 8. d4 cxd4 9. cxd4 d6 10. Nc3 Ng4 11. h3 Nf6 12. Bg5 h6 13. Be3 Rb8 14. Qd2 Kh7 15. Rac1 Nd7 16. b3 Rb7 17. Ne2 Rb8 18. b4 Nf6 19. Ng3 Bd7 20. a3 Qc7 21. Bf4 Rfe8 22. e5 Nd5 23. Ne4 Bf8 24. Bg3 Rec8 25. Nc5 Ra8 26. Nxd7 Qxd7 27. Qd3 Bg7 28. e6 fxe6 29. Nh4 Qe8 30. Rxe6 Bf6 31. Re4 Qf7 32. Qa6 Nc7 33. Qxc6 Nd5 34. Qxc8 Rxc8 35. Rxc8 Bxh4 36. Bxh4 g5 37. Ra8 gxh4 38. Rxa7 Qf5 39. f3 Qg5 40. Ra5 Qc1+ 41. Kh2 Ne3 0-1

[Event "Rio de Janeiro Lasker Memorial"]
[Site "Rio de Janeiro"]
[Date "2002.??.??"]
[Round "7"]
[White "Souza, Marco Andre"]
[Black "Guedes, Sebastiao Henrique"]
[Result "1-0"]
[WhiteElo "2160"]
[BlackElo "2041"]
[PlyCount "105"]
[EventDate "2002.??.??"]
[EventType "tourn"]
[EventRounds "9"]
[EventCountry "BRA"]
[SourceTitle "EXT 2003"]
[Source "ChessBase"]
[SourceDate "2002.11.25"]
[SourceVersion "1"]
[SourceVersionDate "2002.11.25"]
[SourceQuality "1"]

1. e4 e6 2. d4 d5 3. e5 c5 4. c3 Nc6 5. Nf3 cxd4 6. cxd4 Bb4+ 7. Nc3 f6 8. a3 Ba5 9. b4 Bc7 10. Bf4 Nge7 11. Bd3 Ng6 12. Bg3 f5 13. h4 0-0 14. h5 Nh8 15. Bh4 Qe8 16. Rh3 Nf7 17. Rc1 Bd8 18. Bb5 Bd7 19. Na4 Ncxe5 20. Bxd7 Nxf3+ 21. Qxf3 Qxd7 22. Nc5 Qc6 23. Qf4 Bxh4 24. Qxh4 Rfc8 25. Rg3 Qd6 26. h6 g6 27. Qf6 Qf8 28. Rcc3 Rc6 29. Rxg6+ hxg6 30. Qxg6+ Kh8 31. Qf6+ Kh7 32. Rg3 Nxh6 33. Qg6+ Kh8 34. Rh3 e5 35. Ne6 Rxe6 36. Qxe6 Kh7 37. Qd7+ Qg7 38. Qxf5+ Qg6 39. Qd7+ Qg7 40. Qf5+ Qg6 41. Qd7+ Qg7 42. Qxd5 exd4 43. Qe4+ Qg6 44. Qxb7+ Qg7 45. Qe4+ Qg6 46. Qxa8 Qe4+ 47. Kd1 d3 48. Qxa7+ Kg8 49. Rg3+ Kf8 50. Qc5+ Qe7 51. Rf3+ Nf7 52. Rxf7+ Kg8 53. Qxe7 1-0

[Event "Mangini Memorial"]
[Site "Rio de Janeiro"]
[Date "2000.04.12"]
[Round "3"]
[White "Souza, Marco Andre"]
[Black "Andrade, Luciano Nilo"]
[Result "1/2-1/2"]
[WhiteElo "2184"]
[BlackElo "2077"]
[PlyCount "42"]
[EventDate "2000.02.19"]
[EventType "tourn"]
[EventRounds "9"]
[EventCountry "BRA"]
[SourceTitle "EXT 2001"]
[Source "ChessBase"]
[SourceDate "2000.11.22"]
[SourceVersion "1"]
[SourceVersionDate "2000.11.22"]
[SourceQuality "1"]

1. e4 e6 2. d4 d5 3. exd5 exd5 4. Nf3 Bg4 5. Be2 Nf6 6. 0-0 Bd6 7. Bg5 Bxf3 8. Bxf3 0-0 9. Nd2 c6 10. h3 Nbd7 11. Nb3 b6 12. Re1 Re8 13. Qd3 Qc7 14. c3 Rxe1+ 15. Rxe1 Re8 16. Rxe8+ Nxe8 17. Bg4 Nef6 18. Bxf6 Nxf6 19. Bf3 Qd7 20. Nd2 g6 21. Nf1 Kg7 1/2-1/2

[Event "Mangini Memorial"]
[Site "Rio de Janeiro"]
[Date "2000.02.20"]
[Round "2"]
[White "De Araujo, Adriel B Pereira"]
[Black "Souza, Marco Andre"]
[Result "0-1"]
[WhiteElo "2135"]
[BlackElo "2184"]
[PlyCount "60"]
[EventDate "2000.02.19"]
[EventType "tourn"]
[EventRounds "9"]
[EventCountry "BRA"]
[SourceTitle "EXT 2001"]
[Source "ChessBase"]
[SourceDate "2000.11.22"]
[SourceVersion "1"]
[SourceVersionDate "2000.11.22"]
[SourceQuality "1"]

1. Nf3 e6 2. g3 d5 3. Bg2 c6 4. 0-0 Bd6 5. d4 Nf6 6. Nbd2 0-0 7. c4 Re8 8. b3 Nbd7 9. Qc2 e5 10. e4 exd4 11. Nxd4 Be5 12. Bb2 dxe4 13. Nxe4 Nxe4 14. Bxe4 Nf6 15. Rad1 Nxe4 16. Qxe4 Bf6 17. Qg2 Qe7 18. f3 c5 19. Nb5 Bxb2 20. Qxb2 Bh3 21. Rfe1 Qxe1+ 22. Rxe1 Rxe1+ 23. Kf2 Rae8 24. g4 Bf1 25. Kg3 R8e2 26. Qa3 g5 27. f4 Re3+ 28. Kf2 Bh3 29. Qb2 gxf4 30. Qd2 Rf1# 0-1

[Event "Juvencio Barros Memorial"]
[Site "Rio de Janeiro"]
[Date "1999.09.14"]
[Round "9"]
[White "Souza, Marco Andre"]
[Black "Lima, Luiz Alexandre de S"]
[Result "1-0"]
[WhiteElo "2169"]
[BlackElo "2077"]
[PlyCount "75"]
[EventDate "1999.08.05"]
[EventType "tourn"]
[EventRounds "9"]
[EventCountry "BRA"]
[SourceTitle "EXT 2002"]
[Source "ChessBase"]
[SourceDate "2001.11.25"]
[SourceVersion "1"]
[SourceVersionDate "2001.11.25"]
[SourceQuality "1"]

1. e4 c5 2. Nf3 e6 3. c3 d5 4. e5 Nc6 5. d4 cxd4 6. cxd4 Bb4+ 7. Nc3 Nge7 8. Bd3 h6 9. 0-0 0-0 10. Bb1 Ng6 11. h4 Nxh4 12. Nxh4 Qxh4 13. Qd3 g6 14. Ne2 Kg7 15. Nf4 Ne7 16. g3 Qg4 17. Kg2 Nc6 18. f3 Nxe5 19. dxe5 Qf5 20. Qd4 Bc5 21. Qxc5 Qxe5 22. Bd2 Qxb2 23. Rf2 Qb6 24. Bc3+ Kg8 25. Qe7 d4 26. Nxg6 Qd8 27. Qxf8+ Qxf8 28. Nxf8 dxc3 29. Nh7 b5 30. Nf6+ Kg7 31. Ne8+ Kf8 32. Nd6 Bd7 33. a3 a6 34. Rc2 Ke7 35. Ne4 f5 36. Nxc3 Rg8 37. Re2 Kd6 38. Ba2 1-0

[Event "Rosa e Silva Memorial"]
[Site "Rio de Janeiro"]
[Date "1999.07.22"]
[Round "2.7"]
[White "Souza, Marco Andre"]
[Black "Rocha, Valdemir"]
[Result "1/2-1/2"]
[WhiteElo "2169"]
[BlackElo "2132"]
[PlyCount "22"]
[EventDate "1999.??.??"]
[EventType "tourn"]
[EventRounds "12"]
[EventCountry "BRA"]
[SourceTitle "EXT 2002"]
[Source "ChessBase"]
[SourceDate "2001.11.25"]
[SourceVersion "1"]
[SourceVersionDate "2001.11.25"]
[SourceQuality "1"]

1. e4 c5 2. Nf3 d6 3. d4 cxd4 4. Nxd4 Nf6 5. Nc3 a6 6. Bd3 Nbd7 7. 0-0 e6 8. f3 Be7 9. Be3 0-0 10. a3 b5 11. Qd2 Bb7 1/2-1/2

[Event "Rio de Janeiro masters op"]
[Site "Rio de Janeiro"]
[Date "1999.07.16"]
[Round "5"]
[White "Toth, Peter"]
[Black "Souza, Marco Andre"]
[Result "0-1"]
[WhiteElo "2175"]
[BlackElo "2169"]
[PlyCount "104"]
[EventDate "1999.07.10"]
[EventType "swiss"]
[EventRounds "7"]
[EventCountry "BRA"]
[SourceTitle "EXT 2003"]
[Source "ChessBase"]
[SourceDate "2002.11.25"]
[SourceVersion "1"]
[SourceVersionDate "2002.11.25"]
[SourceQuality "1"]

1. d4 e6 2. e4 d5 3. Nc3 Nf6 4. Bg5 Bb4 5. e5 h6 6. Bd2 Bxc3 7. bxc3 Ne4 8. Ne2 c5 9. f3 Nxd2 10. Qxd2 Nc6 11. f4 Qb6 12. dxc5 Qxc5 13. Nd4 Bd7 14. Rb1 Na5 15. Bb5 Bxb5 16. Rxb5 Qc7 17. 0-0 a6 18. Rb4 g6 19. Rf3 Rc8 20. g4 h5 21. h3 hxg4 22. hxg4 Qe7 23. g5 Qc7 24. Kg2 Kf8 25. Ne2 Kg7 26. Rh3 Rxh3 27. Kxh3 Qc5 28. Kg3 b5 29. Kf3 Nc6 30. Rb3 Ne7 31. Nd4 Rh8 32. Kg2 Rc8 33. Qd3 Nf5 34. Nxf5+ gxf5 35. g6 fxg6 36. a4 Qc4 37. Qxc4 Rxc4 38. axb5 axb5 39. Rxb5 Rxf4 40. Rb7+ Kh6 41. Re7 Rc4 42. Rxe6 Rxc3 43. Rd6 Rxc2+ 44. Kf3 Rc3+ 45. Kf4 Rc4+ 46. Kf3 Rd4 47. e6 Re4 48. Kf2 Kg5 49. Kf3 d4 50. Rd7 Re3+ 51. Kf2 Rxe6 52. Rxd4 f4 0-1

[Event "Rosa e Silva Memorial"]
[Site "Rio de Janeiro"]
[Date "1999.??.??"]
[Round "?"]
[White "Souza, Marco Andre"]
[Black "Maia, Marco Aurelio Ferre"]
[Result "0-1"]
[WhiteElo "2169"]
[BlackElo "2166"]
[PlyCount "50"]
[EventDate "1999.??.??"]
[EventType "tourn"]
[EventRounds "12"]
[EventCountry "BRA"]
[SourceTitle "EXT 2001"]
[Source "ChessBase"]
[SourceDate "2000.11.22"]
[SourceVersion "1"]
[SourceVersionDate "2000.11.22"]
[SourceQuality "1"]

1. e4 c6 2. d4 d5 3. e5 Bf5 4. Bd3 Bxd3 5. Qxd3 e6 6. Nc3 Qb6 7. Nge2 Qa6 8. Qh3 Nd7 9. Bd2 c5 10. f4 cxd4 11. Nxd4 Bc5 12. Nb3 Bb6 13. a4 Rc8 14. Nb5 Bc7 15. 0-0 Ne7 16. N3d4 Nc6 17. Nxe6 fxe6 18. Qxe6+ Kd8 19. f5 Ncxe5 20. Bg5+ Nf6 21. Qxd5+ Ned7 22. Rfe1 Qc6 23. Qxc6 bxc6 24. Nxa7 Bb6+ 25. Be3 Bxe3+ 0-1

[Event "Taca Almirante Saldanha 2nd"]
[Site "Rio de Janeiro"]
[Date "1997.04.29"]
[Round "5"]
[White "Cunha, Eduardo Arruda da G"]
[Black "Souza, Marco Andre"]
[Result "1-0"]
[WhiteElo "2305"]
[BlackElo "2200"]
[PlyCount "45"]
[EventDate "1997.04.23"]
[EventType "tourn"]
[EventRounds "9"]
[EventCountry "BRA"]
[SourceTitle "EXT 2006"]
[Source "ChessBase"]
[SourceDate "2005.11.24"]
[SourceVersion "1"]
[SourceVersionDate "2005.11.24"]
[SourceQuality "1"]

1. e4 e6 2. d4 d5 3. Nd2 Nf6 4. e5 Nfd7 5. Bd3 c5 6. c3 Nc6 7. Ngf3 cxd4 8. cxd4 Qb6 9. 0-0 Nxd4 10. Nxd4 Qxd4 11. Nf3 Qb6 12. Be3 Bc5 13. Bf4 Nf8 14. Ng5 Be7 15. Rc1 Qd8 16. Qh5 Ng6 17. Rfe1 Rf8 18. Bd2 a6 19. Nxh7 Rh8 20. Bxg6 fxg6 21. Qxg6+ Kd7 22. Qxg7 Qg8 23. Nf6+ 1-0